000 01171nmm a2200337 a 4500
003 AR-BaBNM
005 20251128211308.0
008 253120s2003 ||||||||||||||000 | spa||
020 _a950-00-0478-X
040 _cAR-BaBNM
245 1 0 _aLa escuela que no miramos
_bentre la resistencia al fracaso y la construcción del éxito. Casos de escuelas vulnerables con mejores rendimientos
250 _a1ª ed.
260 _aBuenos Aires
_bMinisterio de Educación, Ciencia y Tecnología
_c2003
_bConsejo Federal de Cultura y Educación
300 _a131 p.
_btbls., fot.
500 _aSergio Palacio es el actual secretario general del Consejo Federal de Cultura y Educación
504 _aContiene referencias bibliográficas p. 125-129
650 4 _aPOLITICA EDUCATIVA
651 4 _aArgentina
653 _aINSTITUCIONES EDUCATIVAS
653 _aNIVEL PRIMARIO
653 _aNIVEL MEDIO
653 _aEVALUACION EDUCATIVA
700 1 _aPalacio, Sergio
700 1 _aTissera, Jorge
700 1 _aDelamer, Laura
700 1 _aSánchez, Jorge
700 1 _aFernández Vales, Alejandro
700 1 _aPreiato, Mario
942 _cBK
998 _craquel
999 _c19049
_d19049